Регионална библиотека "Любен Каравелов" - Русе

Справочник на политорганизатора (Запис номер 447090)

MARC детайли
000 -Лидер
Контролно поле с фиксирана дължина 00987nam a2200241 a 4500
003 - Код на организацията, давaща контролен номер
Контролно поле BLK
005 - Дата и час на последна редакция
Контролно поле 20230727124950.0
008 - Елементи от данни с фиксирана дължина
fixed length control field 220302b bul|||||r ||||||| ||bul||
040 ## - Източник на каталожния запис
Идентификатор на билиотеката - собственик на записа BLK
041 ## - Код за език
Код за езика на текст/звукозапис или на отделно заглавие Български
Код за езика КДБФ Български
080 ## - УДК
Текстов определител УДК Политическо влияние. Агитация. Митинги, демонстрации, манифестации, петиции
УДК код - определител по УДК 323.23
УДК определител (497.215)(062)
УДК - код + определител 323.23(497.215)(062)
139 ## - Редно поле
Авторски знак Спр - С 59
245 10 - Сведения за заглавието
Заглавие Справочник на политорганизатора
Физически носител (вид на носителя) [Малотир. изд.]
260 ## - Област на издателските данни
Място на издаване, разпространение и проч. Русе
Име на издателя, разпространителя и проч. б. и.
Година на издаване 1981
300 ## - Физическа характеристика
Страници 48 с.
Размери/Мащаб 20 см
380 ## - Жанр
Жанр Обществени науки
500 ## - Общи забележки
Забележка Изд. на : ОК на ОФ; Териториален информационно-изчислителен център - Русе
653 #7 - Ключова дума – ненормативна
9 (RLIN) 194082
Ключова дума политически организации
852 ## - Местоположение
Фондова буква Краезнание
Систематично-азбучна сигнатура К 32/С 59
999 ## - СИСТЕМНИ КОНТРОЛНИ НОМЕРА
Koha biblionumber 447090
Koha biblioitemnumber 447090
942 ## - АРТИКУЛИ
Вид на библиотечния материал Книги
Скрит в OPAC Не
Периодичен библиозапис Да
Koha issues (borrowed), all copies 1
944 ## - СЪЗДАВАНЕ И РЕДАКЦИЯ на ЗАПИСА
Създаване/Редакция Създаване
Дата на регистрацията/редакция 2022-03-04
Служител, извършил регистрацията/редакцията 30556
Статус, дата на статуса Теодора Пейчева-Дянкова
999 ## - СИСТЕМНИ КОНТРОЛНИ НОМЕРА
Koha biblioitemnumber 447090
Наличности
Код за отписване Код за изгубен артикул Източник на класификационната схема Код за повреда Коз за рестрикции Код за отдаване Артикулен № Име на библиотеката - собственик Име на библиотеката, в която се намира в момента Статус (Текущо местоположение) Дата на вписване в системата Местоположение - отдел Цена в лева Систематично азбучна сигнатура Баркод Цена в евро Служебен тип на артикула
  Не е изгубен Universal Decimal Classification Не е повреден само за читалня ползва се в читалня 874970 Регионална библиотека "Любен Каравелов" Русе Регионална библиотека "Любен Каравелов" Русе Краезнание 2022-03-14 Краезнание 1.00 К 32/С 59 120000868168 0.51 Книги
Vip Innovations Ltd, Rousse, Bulgaria 2025